000 00615nam a2200253Ia 4500
005 20260121153833.0
008 008 260114s9999 xx 000 0 eng d
020 _a9781351019422
037 _aEBOOK
040 _aCRL
040 _beng
040 _cCRL
041 _2eng
041 _aeng
084 _qCRL
100 _aMunmaya Mishra
_9999751
245 0 _aEncyclopedia of Polymer Applications, 3 Volume Set
260 _bTaylor and Francis
260 _c2018
856 _uhttp://www.taylorfrancis.com/books/9781351019422
942 _cEBOOK
999 _c1566572
_d1566572